000 00775nam a2200205 a 4500
001 BRCA_6087
005 20190320205330.0
008 030611s2009----mx-#######---#000-0#spa-#
050 4 _aN6415
_b.S65 2009
100 1 _aSolé Peñalosa, Guillermina
_915395
245 1 0 _aVerdugados, guardainfantes, valonas y sacristanes. La indumentaria, joyería y arreglo personal en el siglo XVII novohispano.
260 _aCiudad de México
_c2009
300 _a659 p.
_c28 cm.
502 _aTesis Doctorado (Doctora en Historia del Arte) UNAM, Facultad de Filosofía y Letras, Coordinación de Historia del Arte
650 1 4 _aIndumentaria
_ySiglo XVII
_915396
650 1 4 _aJoyería
_ySiglo XVII
_915397
700 1 _aCuriel, Gustavo
_easesor
_92378
902 _aTES
942 _2lcc
_cTES
999 _c5774
_d5774